New horizons in tourism strange experiences and stranger practices

Na minha lista:
Detalhes bibliográficos
Outros Autores: Singh, Tej Vir
Formato: Livro
Idioma:inglês
Publicado em: Wallingford CABI Publishing 2004
Assuntos:
Tags: Adicionar Tag
Sem tags, seja o primeiro a adicionar uma tag!

MARC

LEADER 00000nam a2200000 4500
001 0222830
005 20240311125617.6
020 |a 0-85199-863-1 
041 0 |a eng 
044 |a GB 
245 1 0 |a New horizons in tourism  |b strange experiences and stranger practices  |c edited by Tej Vir Singh 
264 1 |a Wallingford  |b CABI Publishing  |c 2004 
300 |a xv, 221 s. 
610 2 0 |a turistika 
610 2 0 |a ruch cestovný 
610 2 0 |a ruch cestovný zážitkový 
610 2 0 |a ruch cestovný aktívny 
610 2 0 |a dobrovoľníctvo 
610 2 0 |a Kirgizsko 
700 1 |a Singh, Tej Vir